000 00836nam a2200277 4500
003 OSt
005 20260530113904.0
008 260508b2003 |||o|||| |||| 00| 0 eng d
020 _a4897374693
020 _a9784897374697
040 _aICI
_bspa
_cICI
050 _aNK2195.U34
_bA4
100 1 _aMitsuhashi, Ituyo
_932591
245 1 0 _aShigeru Uchida:
_bInteriors, Furniture and Architecture
264 1 _bRikuyosa, Tokio
_c2003
_aChina
300 _a223 páginas
336 _atexto
_2rdacontent
337 _asin medio
_2rdamedia
338 _avolumen
_2rdacarrier
650 _aDiseño de interiores
_zJapón
_932592
650 _aDecoración de interiores
_96140
650 _aArquitectura interior japonesa
_932593
650 _aDiseño de mobiliario
_932594
650 _aDiseño contemporáneo
_932595
942 _2lcc
_cBK
_n1
999 _c11874
_d11874